000 00638nam a22002177a 4500
001 00028852
005 20260423150332.0
008 260423b ag ||||| |||| 00| 0 spa d
040 _aAR-CcCEOS
_bspa
_cAR-CcCEOS
041 _aspa
080 _a930.9
090 _bRON t.9
100 1 _aRoncayolo, Marcel
_91104
245 _aEl mundo y su historia IX :
_bNuestros contemporáneos /
_cMarcel Roncayolo
250 _a1ª ed.
264 _aBarcelona :
_bArgos,
_cc1972.
300 _a607 p. ;
_c24x18 cm.
490 _vHistoria Universal ; t. 9 NUESTROS CONTEMPORÁNEOS
650 0 _aHISTORIA UNIVERSAL
_91103
942 _2udc
_cBK
_n0
999 _c28893
_d28893